Normal view
MARC view
Entry Término temático
001 - NÚMERO DE CONTROL
- campo de control: 21551
003 - IDENTIFICADOR DEL NÚMERO DE CONTROL
- campo de control: FranzMayer
005 - FECHA Y HORA DE LA ÚLTIMA TRANSACCIÓN
- campo de control: 20190320210342.0
008 - DATOS DE LONGITUD FIJA
- campo de control de longitud fija: 190320|| aca||aabn | a|a d
040 ## - FUENTE DE LA CATALOGACIÓN
- Centro catalogador/agencia de origen: FranzMayer
- Centro/agencia transcriptor: FranzMayer
150 ## - ENCABEZAMIENTO--TÉRMINO DE MATERIA
- Término de materia o nombre geográfico como elemento de entrada: Iglesia católica
- : Liturgia
- Subdivisión de forma: textos
670 ## - FUENTE DE DATOS ENCONTRADOS
- Cita de la fuente: Work cat.: (FranzMayer): Abbatem, D. Marium Boeri 21550, Sacrorvm romani sub sanctissimo domino nostro Papa Benedicto XIII ac tridentini conciliorvm syntagma alphabetico duplici ordine ad maiorem utentium commoditatem, 1725